| 000 | 00637nam a2200193Ia 4500 | ||
|---|---|---|---|
| 999 |
_c3306 _d3306 |
||
| 003 | OSt | ||
| 005 | 20200518153152.0 | ||
| 008 | 191128s2009 ck a br 000 j spa d | ||
| 020 | _a9789588314181 | ||
| 040 |
_aCO-JMCR _cCO-JMCR |
||
| 041 | _aspa | ||
| 082 | 0 | 4 |
_aC / _bPINp |
| 245 | 1 | 0 | _aPinocho / |
| 260 |
_aBogotá : _bToy cantando, _c2009 |
||
| 300 |
_a[31] páginas : _biustraciones a color ; _c 12 cm. x 17 cm. |
||
| 520 | _aUn anciano llamado Geppetto fabrica una marioneta de madera a la que llama Pinocho, con la esperanza de que se convierta en un niño de verdad | ||
| 650 |
_aCuentos infantiles _94496 |
||
| 942 |
_2ddc _cBK |
||